<?xml version="1.0" encoding="UTF-8"?>
<record
    xmlns:xsi="http://www.w3.org/2001/XMLSchema-instance"
    xsi:schemaLocation="http://www.loc.gov/MARC21/slim http://www.loc.gov/standards/marcxml/schema/MARC21slim.xsd"
    xmlns="http://www.loc.gov/MARC21/slim">

  <leader>00840nam a22001577a 4500</leader>
  <controlfield tag="003">OSt</controlfield>
  <controlfield tag="005">20151008155217.0</controlfield>
  <controlfield tag="008">151008b        xxu||||| |||| 00| 0 eng d</controlfield>
  <datafield tag="040" ind1=" " ind2=" ">
    <subfield code="c">RUA</subfield>
  </datafield>
  <datafield tag="082" ind1=" " ind2=" ">
    <subfield code="a">AVM HUO 2008 B081 Or.1</subfield>
  </datafield>
  <datafield tag="100" ind1=" " ind2=" ">
    <subfield code="9">2379</subfield>
    <subfield code="a">HUOT, SOTHEANY.</subfield>
  </datafield>
  <datafield tag="245" ind1=" " ind2=" ">
    <subfield code="a">The effect of vitamin C supplementation in drinking water on growth rate of broiler chicken at animal experimental station of rua, &#x17A5;&#x1791;&#x17D2;&#x1792;&#x17B7;&#x1796;&#x179B;&#x1793;&#x17C3;&#x1780;&#x17B6;&#x179A;&#x1794;&#x1793;&#x17D2;&#x1790;&#x17C2;&#x1798;&#x179C;&#x17B8;&#x178F;&#x17B6;&#x1798;&#x17B8;&#x1793;&#x179F;&#x17C1;&#x179B;&#x17B6;&#x1799;&#x1780;&#x17D2;&#x1793;&#x17BB;&#x1784;&#x1791;&#x17B9;&#x1780;&#x1795;&#x17B9;&#x1780;&#x179B;&#x17BE;&#x1780;&#x17B6;&#x179A;&#x179B;&#x17BC;&#x178F;&#x179B;&#x17B6;&#x179F;&#x17CB;&#x179A;&#x1794;&#x179F;&#x17CB;&#x1798;&#x17B6;&#x1793;&#x17CB;&#x179F;&#x17B6;&#x1785;&#x17CB;&#x1793;&#x17C5;&#x179F;&#x17D2;&#x1790;&#x17B6;&#x1793;&#x17B8;&#x1799;&#x17CD;&#x1785;&#x17B7;&#x1789;&#x17D2;&#x1785;&#x17B9;&#x1798;&#x179F;&#x178F;&#x17D2;&#x179C;&#x1793;&#x17C3;&#x179F;&#x17B6;&#x1780;&#x179B;&#x179C;&#x17B7;&#x1791;&#x17D2;&#x1799;&#x17B6;&#x179B;&#x17D0;&#x1799;&#x1797;&#x17BC;&#x1798;&#x17B7;&#x1793;&#x17D2;&#x1791;&#x1780;&#x179F;&#x17B7;&#x1780;&#x1798;&#x17D2;&#x1798;</subfield>
  </datafield>
  <datafield tag="260" ind1=" " ind2=" ">
    <subfield code="a">Phnom Penh</subfield>
    <subfield code="b">RUA</subfield>
    <subfield code="c">2008</subfield>
  </datafield>
  <datafield tag="300" ind1=" " ind2=" ">
    <subfield code="a">46p.</subfield>
    <subfield code="b">ill.</subfield>
    <subfield code="c">29cm.</subfield>
  </datafield>
  <datafield tag="942" ind1=" " ind2=" ">
    <subfield code="2">ddc</subfield>
    <subfield code="c">ATMSP</subfield>
  </datafield>
  <datafield tag="999" ind1=" " ind2=" ">
    <subfield code="c">2241</subfield>
    <subfield code="d">2241</subfield>
  </datafield>
  <datafield tag="952" ind1=" " ind2=" ">
    <subfield code="0">0</subfield>
    <subfield code="1">0</subfield>
    <subfield code="2">ddc</subfield>
    <subfield code="4">0</subfield>
    <subfield code="6">AVM_HUO_2008_000000000000000_B081_OR_1</subfield>
    <subfield code="7">0</subfield>
    <subfield code="9">9325</subfield>
    <subfield code="a">LBB</subfield>
    <subfield code="b">LBB</subfield>
    <subfield code="c">B081</subfield>
    <subfield code="d">2015-10-08</subfield>
    <subfield code="o">AVM HUO 2008 B081 Or.1</subfield>
    <subfield code="p">RUA025131</subfield>
    <subfield code="r">2015-10-08</subfield>
    <subfield code="w">2015-10-08</subfield>
    <subfield code="y">ATMSP</subfield>
  </datafield>
  <datafield tag="952" ind1=" " ind2=" ">
    <subfield code="0">0</subfield>
    <subfield code="1">0</subfield>
    <subfield code="2">ddc</subfield>
    <subfield code="4">0</subfield>
    <subfield code="6">AVM_HUO_2008_000000000000000_B081_OR_2</subfield>
    <subfield code="7">0</subfield>
    <subfield code="9">9326</subfield>
    <subfield code="a">LBB</subfield>
    <subfield code="b">LBB</subfield>
    <subfield code="c">B081</subfield>
    <subfield code="d">2015-10-08</subfield>
    <subfield code="l">1</subfield>
    <subfield code="o">AVM HUO 2008 B081 Or.2</subfield>
    <subfield code="p">RUA025345</subfield>
    <subfield code="r">2019-04-02</subfield>
    <subfield code="s">2019-03-11</subfield>
    <subfield code="w">2015-10-08</subfield>
    <subfield code="y">ATMSP</subfield>
  </datafield>
  <datafield tag="952" ind1=" " ind2=" ">
    <subfield code="0">0</subfield>
    <subfield code="1">0</subfield>
    <subfield code="2">ddc</subfield>
    <subfield code="4">0</subfield>
    <subfield code="6">AVM_HUO_2008_000000000000000_B081_OR_3</subfield>
    <subfield code="7">0</subfield>
    <subfield code="9">9327</subfield>
    <subfield code="a">LBB</subfield>
    <subfield code="b">LBB</subfield>
    <subfield code="c">B081</subfield>
    <subfield code="d">2015-10-08</subfield>
    <subfield code="o">AVM HUO 2008 B081 Or.3</subfield>
    <subfield code="p">RUA025274</subfield>
    <subfield code="r">2015-10-08</subfield>
    <subfield code="w">2015-10-08</subfield>
    <subfield code="y">ATMSP</subfield>
  </datafield>
  <datafield tag="952" ind1=" " ind2=" ">
    <subfield code="0">0</subfield>
    <subfield code="1">0</subfield>
    <subfield code="2">ddc</subfield>
    <subfield code="4">0</subfield>
    <subfield code="6">AVM_HUO_2008_000000000000000_B081_OR_4</subfield>
    <subfield code="7">0</subfield>
    <subfield code="9">9328</subfield>
    <subfield code="a">LBB</subfield>
    <subfield code="b">LBB</subfield>
    <subfield code="c">B081</subfield>
    <subfield code="d">2015-10-08</subfield>
    <subfield code="o">AVM HUO 2008 B081 Or.4</subfield>
    <subfield code="p">RUA025346</subfield>
    <subfield code="r">2015-10-08</subfield>
    <subfield code="w">2015-10-08</subfield>
    <subfield code="y">ATMSP</subfield>
  </datafield>
  <datafield tag="952" ind1=" " ind2=" ">
    <subfield code="0">0</subfield>
    <subfield code="1">0</subfield>
    <subfield code="2">ddc</subfield>
    <subfield code="4">0</subfield>
    <subfield code="6">AVM_HUO_2008_000000000000000_B081_OR_5</subfield>
    <subfield code="7">0</subfield>
    <subfield code="9">9329</subfield>
    <subfield code="a">LBB</subfield>
    <subfield code="b">LBB</subfield>
    <subfield code="c">B081</subfield>
    <subfield code="d">2015-10-08</subfield>
    <subfield code="o">AVM HUO 2008 B081 Or.5</subfield>
    <subfield code="p">RUA008564</subfield>
    <subfield code="r">2015-10-08</subfield>
    <subfield code="w">2015-10-08</subfield>
    <subfield code="y">ATMSP</subfield>
  </datafield>
  <datafield tag="952" ind1=" " ind2=" ">
    <subfield code="0">0</subfield>
    <subfield code="1">0</subfield>
    <subfield code="2">ddc</subfield>
    <subfield code="4">0</subfield>
    <subfield code="6">AVM_HUO_2008_000000000000000_B081_OR_6</subfield>
    <subfield code="7">0</subfield>
    <subfield code="9">9330</subfield>
    <subfield code="a">LBB</subfield>
    <subfield code="b">LBB</subfield>
    <subfield code="c">B081</subfield>
    <subfield code="d">2015-10-08</subfield>
    <subfield code="l">2</subfield>
    <subfield code="o">AVM HUO 2008 B081 Or.6</subfield>
    <subfield code="p">RUA008721</subfield>
    <subfield code="r">2016-08-30</subfield>
    <subfield code="s">2016-07-26</subfield>
    <subfield code="w">2015-10-08</subfield>
    <subfield code="y">ATMSP</subfield>
  </datafield>
  <datafield tag="952" ind1=" " ind2=" ">
    <subfield code="0">0</subfield>
    <subfield code="1">0</subfield>
    <subfield code="2">ddc</subfield>
    <subfield code="4">0</subfield>
    <subfield code="6">AVM_HUO_2008_000000000000000_B081_OR_7</subfield>
    <subfield code="7">0</subfield>
    <subfield code="9">9331</subfield>
    <subfield code="a">LBB</subfield>
    <subfield code="b">LBB</subfield>
    <subfield code="c">B081</subfield>
    <subfield code="d">2015-10-08</subfield>
    <subfield code="o">AVM HUO 2008 B081 Or.7</subfield>
    <subfield code="p">RUA008649</subfield>
    <subfield code="r">2015-10-08</subfield>
    <subfield code="w">2015-10-08</subfield>
    <subfield code="y">ATMSP</subfield>
  </datafield>
</record>
